000 00590cam a22002053a 4500
001 42411
003 PGUSA
005 20140828083948.0
008 130325s2013||||xxu|||||s|||||000 | eng d
040 _aPGUSA
_beng
042 _adc
100 1 _aGuerrazzi, Francesco Domenico,
_d1804-1873
245 1 0 _aIl destino
_h[electronic resource] /
_cFrancesco Domenico Guerrazzi
260 _bProject Gutenberg,
_c2013
506 _aPublic domain in the USA.
516 _aElectronic text
830 0 _aProject Gutenberg
_v42411
856 4 0 _uhttp://www.gutenberg.org/ebooks/42411
942 _cEB
999 _c271663
_d271663